000 00669nam a2200193 i 4500
001 98471
003 ES-MaACL
005 20230906182307.0
007 t|
008 050914s1910 sp ||||1| spa d
100 1 _aPérez Hernández, Modesto.
_990935
245 1 4 _aUna vuelta por Salamanca /
_cModesto Pérez.
260 _aMadrid :
_b[s.n.,
_c1910 ?] (
_fImpr. Artística)
300 _a154 p. :
_bil. ;
_c16 cm.
505 8 _aContiene: Elogios ; Algunos monumentos ; De Historia Salmantina ; Hombres ilustres del pasado y del presente ; Gente nueva
651 4 _aSalamanca-
_xHistoria.
_9137353
852 _aES-MaACL
_jT-1344-F-2
852 _aES-MaACL
_jT-1206-F-3
999 _c98471
_d98471